|
|
|
|
| LEADER |
00000cam a22000004a 4500 |
| 001 |
musev2_81063 |
| 003 |
MdBmJHUP |
| 005 |
20230905052327.0 |
| 006 |
m o d |
| 007 |
cr||||||||nn|n |
| 008 |
991209s2000 nju o 00 0 eng d |
| 020 |
|
|
|a 9780691223919
|
| 020 |
|
|
|z 9780691048871
|
| 020 |
|
|
|z 9780691048864
|
| 035 |
|
|
|a (OCoLC)1290479368
|
| 040 |
|
|
|a MdBmJHUP
|c MdBmJHUP
|
| 100 |
1 |
|
|a Schiller, Wendy J.,
|d 1964-
|e author.
|
| 245 |
1 |
0 |
|a Partners and Rivals :
|b Representation in U.S. Senate Delegations /
|c Wendy J. Schiller.
|
| 264 |
|
1 |
|a Princeton, N.J. :
|b Princeton University Press,
|c [2000]
|
| 264 |
|
3 |
|a Baltimore, Md. :
|b Project MUSE,
|c 2022
|
| 264 |
|
4 |
|c ©[2000]
|
| 300 |
|
|
|a 1 online resource:
|b illustrations, maps)
|
| 336 |
|
|
|a text
|b txt
|2 rdacontent
|
| 337 |
|
|
|a computer
|b c
|2 rdamedia
|
| 338 |
|
|
|a online resource
|b cr
|2 rdacarrier
|
| 505 |
0 |
|
|a A theory of dual representation -- Choosing different institutional career paths -- Diversification and media recognition -- Reputation and constituent evaluation -- Expanding the boundaries of electoral coalitions -- Economic interests and campaign contributions -- Rethinking Senate representation -- Measurement of variables -- Questionnaire mailed to newspaper editors and reporters -- Newspaper articles by subject matter, state, and Senator.
|
| 588 |
|
|
|a Description based on print version record.
|
| 610 |
1 |
7 |
|a United States.
|b Congress.
|b Senate.
|2 fast
|0 (OCoLC)fst00530422
|
| 610 |
1 |
4 |
|a United States.
|b Congress.
|b Senate.
|
| 610 |
1 |
0 |
|a United States.
|b Congress.
|b Senate.
|
| 650 |
|
7 |
|a POLITICAL SCIENCE / American Government / Legislative Branch
|2 bisacsh
|
| 650 |
|
7 |
|a Representative government and representation.
|2 fast
|0 (OCoLC)fst01094941
|
| 650 |
|
7 |
|a Legislators.
|2 fast
|0 (OCoLC)fst00995828
|
| 650 |
|
0 |
|a Representative government and representation
|z United States.
|
| 650 |
|
0 |
|a Legislators
|z United States.
|
| 651 |
|
7 |
|a United States.
|2 fast
|0 (OCoLC)fst01204155
|
| 655 |
|
7 |
|a Electronic books.
|2 local
|
| 710 |
2 |
|
|a Project Muse.
|e distributor
|
| 830 |
|
0 |
|a Book collections on Project MUSE.
|
| 856 |
4 |
0 |
|z Texto completo
|u https://projectmuse.uam.elogim.com/book/81063/
|
| 945 |
|
|
|a Project MUSE - Custom Collection
|